000 00823nam a2200229Ia 4500
003 GCL
008 140319s9999 xx 000 0 ara d
040 _aGCL /
_cGCL
082 0 4 _a621.3615
_bف م
100 1 _aفاروق سيد حسين
245 1 0 _aالميكروويف /
_cفاروق سيد حسين
260 _aبيروت :
_bدار الراتب الجامعية
490 _aسلسلة عالم الاتصالات والاجهزة الالكتروني
_v6
650 0 4 _aالهندسة الالكترونية
650 0 4 _aالاجهزة الالكترونية
650 0 4 _aالاتصالات السلكية واللاسلكية
650 0 4 _aالتليفون
650 0 4 _aالتلكس
650 0 4 _aالاتصالات الالكترونية
650 0 4 _aالالكترونيات
942 _2ddc
_cBK
999 _c55358
_d55358